The Tortured Poets Department-Album (Anthology, Taylor Swift) - Statistics

General Stats
  • This quiz has been taken 184 times
  • The average score is 26 of 31
Answer Stats
Hint Answer % Correct
1. (Feat. Post Malone) Fortnight
99%
31. The Manuscript
96%
8. (Feat. Florence + The Machine) Florida!!!
95%
2. The Tortured Poets Department
94%
5. So Long, London
93%
6. But Daddy I Love HIm
92%
16. Clara Bow
92%
3. My Boy Only Breaks His Favorite Toys
92%
28. Peter
92%
17. The Black Dog
89%
27. Cassandra
88%
12. loml
88%
4. Down Bad
87%
15. The Alchemy
87%
30. Robin
86%
14. The Smallest Man Who Ever Lived
86%
13. I Can Do It With A Broken Heart
85%
22. So High School
85%
24. thanK you aIMee
85%
19. The Albatross
84%
20. Chloe or Sam or Sophia or Marcus
82%
7. Fresh Out The Slammer
82%
21. How Did It End?
80%
18. imgonnagetyouback
80%
10. Who's Afraid Of Little Old Me?
79%
26. The Prophecy
78%
11. I Can Fix Him (No Really I Can)
77%
9. Guilty as Sin
76%
29. The Bolter
73%
25. I Look In People's Windows
71%
23. I Hate It Here
68%
No matching quizzes found
Score Distribution
Percent of People with Each Score
Percentile by Number Answered
Your Score History
You have not taken this quiz